000 00617nam a2200229Ia 4500
003 OSt
005 20221007073146.0
006 a|||||r|||| 00| 0
007 ta
008 221006b |||||||| |||| 00| 0 eng d
024 _a25,686
037 _cTextual
040 _aFLL
_cFLL
_beng
041 _2eng
_aeng
082 _aZ:3:4, K2
100 _aHasan S.M.
_9564932
245 0 _aSanctity of contractual obligations in a changing society
260 _aLucknow
_bEastern Book Co. India
_c1962
300 _a1-50p
_ccm.
942 _hZ:3:4, K2
_cTEXL
_2CC
999 _c1147839
_d1147839